000 01584nam a22001457a 4500
999 _c64780
_d64777
082 _aR/IMS-19
_a13-12MS(IT)-28
100 _aBuller, Rafique Ahmed
_a13-12MS(IT)-28
_aSupervisor - Dr. Zahid Hussain Abro
245 _aAnalysing the Usability of Eductional Boards Websites of Sindh Province
260 _aNawabshah:
_bQUEST,
_c2019.
300 _a50p
500 _aABSTRACT With the widespread use of the Internet technology every government organization maintains its own website. Although there is little work done for the usability evaluation of Pakistani educational websites but it seems that no work has been conducted for Pakistani Boards of Intermediate and Secondary Education (BISE) websites, particularly, the ones in the Sindh province. Through these websites, secondary and higher secondary results are announced it means that man) users visit these websites. Keeping in mind he massive youth population of Sindh province, there was need to evaluate the usefulness of these websites for providing the better services to their intended users. In this research study, usability evaluation of these websites was conducted through expert review and a questionnaire. Through expert review many usability problems were found. As the results show that man) usability problems do exist in these websites so these need to be fixed in order to provide better service to their targeted users. Keywords: BISE, Expert Evaluation, SUS Questionnaire, User Preference
700 _aDepartment 0f Information technology
856 _uhttp://tinyurl.com/3m2bswx4
942 _cTHESIS